01180cam a2200289 i 45000010008000000030009000080050017000170070008000340080040000420150006000820170009000880200015000970350006001120400025001180800006001431000016001492450121001652600046002863000023003324900028003555000041003835000346004247000024007707000021007947000048008158300027008630000792DO-SdBNP20161108135743.00000792100514s 1991 ag a | |||| 000 f spa  a  a b  a8477711097 a  aBPMSUbspacBPMSUe  a 1 aCash, Terry10aSonido /h cTerry Cash ; ilustraciones Kuo Kang chen, Peter Bull ; traducción Graciela Jáuregui Lorda de Castro aBuenos Aires, Argentina :bSigmar,c1991. a39 p.: bil.c26 m1 aJugando con la ciencia  aManualidades, experimentos y trucos. aContiene experimentos que permiten a los niños investigar temas como la producción del sonido, ecos, acústica, la velocidad del sonido, sonidos altos y bajos, música de instrumentos de cuerda, viento y percusión. Una sección, en la última parte del libro, trata sobre los animales y cómo utilizan el sonido para comunicarse. 12aChen, Kuo Kangeil.12aBull, Petereil.12aLorda de Castro, Graciela Jáureguietrad. 0aJugando con la ciencia